| 000 | 01876 a2200409 4500 | ||
|---|---|---|---|
| 001 | 34074 | ||
| 005 | 20260407155630.0 | ||
| 008 | 260407a2012 arg spa d | ||
| 003 | AR-UNSa-BCEJYS | ||
| 040 |
_aAR-UNSa-BCEJYS _bspa _cAR-UNSa-BCEJYS |
||
| 080 |
_a658.15 _xAdministración financiera privada. Gestión financiera de empresas |
||
| 245 | 1 | 0 | _aGestión financiera de las organizaciones |
| 020 | _a978-950-23-1913-1 | ||
| 264 | 1 |
_aBuenos Aires : _bEUDEBA (Editorial Universitaria de Buenos Aires) _c2012 |
|
| 300 |
_a558 p. _c24 cm. |
||
| 505 | _a1. Función fianciera - 2. Conceptos de análisis financiero - 3. Presupuesto y flujo de fondos - 4. Control presupuestario y de gestión - 5. Administración del capital de trabajo - 6. Decisiones de inversión - 7. Decisiones bajo riesgo de incertidumbre - 9. Costo de capital - 10. Fuentes de financiamiento - 11. Política de dividendos - 12. Estructura de capital - 13. Sistema financiero: Conceptos básicos, funcionamiento y evolución temporal - 14. Mercado de capitales: características, funcionamiento, instituciones, instrumentos y operaciones. | ||
| 041 | _aspa | ||
| 942 | _cBK | ||
| 590 | _aniveau_biblio:m niveau_hierar:0 | ||
| 100 | 1 | _aAlbornoz, César Humberto | |
| 700 | 1 | _aAire, Carlos | |
| 700 | 1 | _aChernitzky, Karina | |
| 700 | 1 | _aAriganello, Claudio | |
| 700 | 1 | _aFreschero, Fernando | |
| 700 | 1 | _aBarrera, Luis | |
| 700 | 1 | _aOchonga, Alfredo | |
| 700 | 1 | _aBarthe Dennin, Solange | |
| 700 | 1 | _aPainelli, Flavia | |
| 700 | 1 | _aFarroni, José Luis | |
| 700 | 1 | _aSucasas, Sergio D. | |
| 700 | 1 | _aMarcos, Damián J. | |
| 700 | 1 | _aZupink, Yanina | |
| 700 | 1 | _aPorto, José M. | |
| 700 | 1 | _aTapia, Gustavo N. | |
| 700 | 1 | _aVélez Pareja, Ignacio | |
| 856 | 4 | 1 |
_uhttps://biblioeco.unsa.edu.ar/pmb/images/libros/gestion_finaciera_org.jpg _yImagen de portada _qimage/jpeg |
| 999 |
_c2414 _d2414 |
||